000 00545cam a2200181 a 4500
020 _a9780072923308 (alk. paper)
020 _a007292330X (alk. paper)
050 0 0 _aHD31
_b.B369485 2007
100 1 _aBateman, Thomas S.
245 1 0 _aManagement :
_bleading & collaborating in a competitive world /
_cThomas S. Bateman, Scott A. Snell.
250 _a7th ed.
260 _aBoston, Mass, :
_bMcGraw-Hill/Irwin,
_c2007.
300 _axxxiv, 624 p. :
500 _aIncludes index
650 0 _bManagement
700 1 _aSnell, Scott,
942 _cGEN
999 _c3194
_d3194